| 000 | 00968cam a2200157ua 4500 | ||
|---|---|---|---|
| 041 |
_aeng _h |
||
| 082 |
_a667.6 _bIND/CO |
||
| 100 | _a, . | ||
| 110 | 1 |
_aIndian standards institution . _bISI _c() |
|
| 245 | 0 | 0 |
_aCode of practce for painting concrete,masonary and plaster surfaces IS:2395-1967 / _cIndian standards institution. _hTextual Documents |
| 260 |
_aNew Delhi : _bIndian standards institution , _c1982. |
||
| 300 | _a8 ; . | ||
| 504 | _a | ||
| 942 | _cBK | ||
| 999 |
_c10619 _d10619 |
||